Latin American Economic Outlook 2019 Development in Transition

Gespeichert in:
Bibliographische Detailangaben
Format: Buch
Sprache:Englisch
Veröffentlicht: Paris OECD 2019
Schriftenreihe:Latin American Economic Outlook
Schlagworte:
Tags: Tag hinzufügen
Keine Tags, Fügen Sie das erste Tag hinzu!

MARC

LEADER 00000nam a2200000 4500
001 0267367
005 20221220064655.2
020 |a 978-92-64-31375-0 
041 0 |a eng 
044 |a FR 
245 1 0 |a Latin American Economic Outlook 2019  |b Development in Transition 
264 1 |a Paris  |b OECD  |c 2019 
300 |a 229 s. 
490 1 |a Latin American Economic Outlook 
830 0 |a Latin American Economic Outlook 
610 2 0 |a situácia hospodárska 
610 2 0 |a situácia sociálna 
610 2 0 |a riziko 
610 2 0 |a rozvoj hospodársky 
610 2 0 |a stratégia hospodárska 
610 2 0 |a spolupráca medzinárodná 
610 2 0 |a porovnanie štatistické medzinárodné 
610 2 0 |a Karibská oblasť 
610 2 0 |a Latinská Amerika